المسؤولية المدنية لشركات الادوية ومراكز البحوث عن التجارب الطبية غير العلاجية : (Record no. 141190)

MARC details
000 -الفاتح
عناصر البيانات ثابتة الطول 00820cam a2200205 i 4500
005 - تاريخ ووقت آخر معاملة
حقل ضبط 20260122102901.0
008 - عناصر البيانات ثابتة الطول
عناصر البيانات ثابتة الطول 250721s2019 le gr 000 0 ara d
020 ## - الترقيم الدولي المعياري للكتب (ردمك)
الترقيم الدولي المعياري للكتب (ردمك) 9786144365397
082 14 - رقم تصنيف ديوي العشري
رقم التصنيف 344.042
رقم المادة ف ا ض
100 1# - مدخل رئيسي – اسم شخصي
الاسم الشخصي فاضل، محمد طاهر
علاقة الشخص بالعمل/ دوره مؤلف.
245 12 - بيان العنوان
العنوان المسؤولية المدنية لشركات الادوية ومراكز البحوث عن التجارب الطبية غير العلاجية :
بقية العنوان دراسة مقارنة /
بيان المسؤولية سولين محمد طاهر فاضل.
250 ## - بيان الطبعة
بيان الطبعة الطبعة الأولى.
264 31 - بيانات النشر، التوزيع…إلخ
مكان النشر، التوزيع...إلخ لبنان :
اسم الناشر، الموزع...إلخ منشورات زين الحقوقيه،
تاريخ النشر، التوزيع...إلخ 2019.
300 ## - الوصف المادي
عدد الوحدات المكونة للوعاء 224 صفحة.
650 17 - مدخل إضافي بالموضوع - مصطلح موضوعي
مصطلح موضوعي أو اسم جغرافي كعنصر مدخل القانون.
650 17 - مدخل إضافي بالموضوع - مصطلح موضوعي
مصطلح موضوعي أو اسم جغرافي كعنصر مدخل مراقبة الانتاج.
650 17 - مدخل إضافي بالموضوع - مصطلح موضوعي
مصطلح موضوعي أو اسم جغرافي كعنصر مدخل الادوية.
942 ## - بيانات إضافية (كوها)
نوع التنصيف Dewey Decimal Classification
نوع المادة (كوها) Books
Holdings
حالة السحب حالة الفقدان مصدر التصنيف حالة التلف غير قابل للإعارة المكتبة الرئيسية المكتبة الحالية موقع الرف تاريخ التزويد الرقم المتسلسل Total Checkouts رقم الإستدعاء الباركود تاريخ آخر ظهور تاريخ الفاتورة نوع المادة (كوها)
    Dewey Decimal Classification     المكتبة المركزية المكتبة المركزية الإعارة 28/07/2025 1728828   344.042 / ف ا ض PLD00479272 28/07/2025 28/07/2025 Books
Implemented & Customized by: BBB with SCIT (Smart Chains for Information Technology)

Powered by Koha